Statistics for People on Money - United States

Click here to take the quiz!

General Stats

  • This quiz has been taken 59,376 times
    (33,533 since last reset)
  • The average score is 10 of 15

Answer Stats

CurrencyPerson% Correct
PennyAbraham Lincoln
98%
QuarterGeorge Washington
98%
$100 billBenjamin Franklin
87%
NickelThomas Jefferson
87%
DimeFranklin D. Roosevelt
80%
$20 billAndrew Jackson
77%
Fifty-cent pieceJohn F. Kennedy
73%
$50 billUlysses S. Grant
66%
$10 billAlexander Hamilton
65%
$20 bill (planned)Harriet Tubman
51%
Dollar coin (1999–)Sacagawea
45%
Dollar coin (1971–1978)Dwight Eisenhower
44%
Dollar coin (1979–1981)Susan B. Anthony
33%
$1000 Bill (discontinued 1969)Grover Cleveland
29%
$500 bill (discontinued 1969)William McKinley
29%

Score Distribution

Percentile by Number Answered

Percent of People with Each Score

Your Score History

You have not taken this quiz since the last reset